00492nam a22001577a 4500010002700000020002500027035002500052037001300077082001000090100001900100245008500119260004400204270003600248300002500284700002500309 aENG-109471 ENG-137874 c95.00a9788183163231 aEN-93004 EN-121406 bDBAD/PUB a483.1 aPuthery, Louis aWords confused and misused/cBy Louis Puthery and Edited by E. Ram Bhasker Raju  aHyderabadbNeelkamal Publicationsc2013 aSultan BazarbHyderabade500095 avii,188p.c22cm(pbk) aBhaskar Raju,E. Ram